01745nam a2200349 u 4500001000800000005001700008008004100025020001800066035001200084040001300096041000800109082000800117100004200125245001900167250004100186260004000227300002900267520042700296650004600723650002500769650004100794650004100835650005200876650003900928650004100967700003501008700009201043700005501135942000901190999001901199952017701218147978820260508092050.0171124s2011 spa  a9788498751345 a1479788 ccomduadb aspa 4a33210aHagstrom, Robert G.4auteaut976804110aWarren Buffett a1. edición ampliada y actualizada. aBarcelona :bGestión 2000,c2011. a317 páginas :btablas.3 a"Warren Buffett ha consolidado su reputación como el mejor inversor de todos los tiempos, amasando discretamente una fortuna, a pesar de las tremendas fluctuaciones de los mercados, de muchos billones de dólares. Este libro, publicado hace más de una década, ha ayudado a millones de personas a entender y emplear las estrategias de inversión que han hecho triunfar a Buffett a lo largo de más de medio siglo." aBuffettt, Warren 1930- - Negocios9216766 7aLiderazgo2lemb9920 7aÉxito en los negocios2lemb952392 ainversiones - Estados Unidos9219144 aEjecutivos financieros - Estados Unidos9216767 aEjecutivos - Estados Unidos987839 7aInversiones de capital2lemb917303610aBill, Miller4auieaui975986910aFisher, Kenneth L.,d1938-4aui0(isni)0000 0004 3506 25190(viaf)18403379eaui975968010aAtmetlla, Emili4trl0(viaf)303945590etrl9634606 cBOOK c765282d765282 001040708GENaBCbBCd2017-11-24eLibrería Universidad de Antioquiag81000.00iC1273846l7o332.678 H146p1043512r2025-08-01 11:25:20s2025-06-04t1w2023-05-04yBOOK